000 00734nam a2200193Ii 4500
003 JO-AjNU
008 230605s9999||||xx |||||||||||||| ||und||
040 _aJO-AjNU
_bara
_erda
_cJO-AjNU
041 _aara
050 1 4 _aHB71.G67.2015
100 3 _aغرفة تجارة عمان، الاردن,
_eauthor
_951532
245 0 0 _aالمملكة الأردنية الهاشمية في تقارير التنافسية العالمية: الواقع والآفاق
264 3 1 _aعمان،الاردن: غرفة تجارة عمان،2015
300 _a111ص
336 _atext
_btxt
_2rdacontent
337 _aunmediated
_bn
_2rdamedia
338 _avolume
_bnc
_2rdacarrier
650 4 _aالأردن -- احوال اقتصادية
_951533
999 _aA22772
_c26340
_d26340